000 01328njm a2200253 i 4500
001 4953
003 ES-MaACL
005 20250801034653.0
007 s|r|||||||||||
008 070904s1983 sp ||| g ||||||||1|nspa d
245 0 0 _aPoesía en primavera
_h[Grabación sonora]
_b: presentación y lectura de los poemas de "Antología-homenaje a Teresa de Jesús", "Antología de finalistas del premio "Prometeo" de poesía nueva 1983" y "Antología de poesía nueva 1982" /
_cinterviene el Taller Prometeo de Poesía Nueva ; presenta José Gerardo Manrique de Lara.
260 _aMadrid :
_bAteneo de Madrid,
_c1983.
300 _a2 discos (CD-DA) (1 h. 35 min. 29 seg.) ;
_c12 cm.
500 _aDatos basados en la invitación.
518 _aActo organizado por el Taller Prometeo de Poesía Nueva en colaboración con el Ateneo de Madrid, grabado en el salón de actos el jueves, 17 de marzo de 1983, a las 20:00 h.
610 2 4 _aAteneo de Madrid-
_xActos culturales-
_y1983-
_vGrabaciones sonoras.
_91897
700 1 _aManrique de Lara, José Gerardo,
_d1922-2001
_976104
710 2 _aAteneo de Madrid.
_91875
710 2 _aTaller Prometeo de Poesía Nueva (Madrid)
_96907
852 4 _aES-MaACL
_jROT 5/4/14
_95070
_cROT
852 4 _aES-MaACL
_jROT 5/4/15
_9203645
_cROT
942 _2udc
999 _c4953
_d4953